| 000 | 00727nam a22002175a 4500 | ||
|---|---|---|---|
| 003 | OSt | ||
| 005 | 20170430143018.0 | ||
| 008 | 170209s2006 ua frb 000 0 ara d | ||
| 040 |
_aEG-ScBUE _bara _cEG-ScBUE _dEG-ScBUE |
||
| 043 | _af-ua--- | ||
| 082 | 0 | 4 |
_a346.62 _bن ج ا _222 |
| 100 | 1 | _aنجار، عادل عبد الفتاح. | |
| 245 | 1 | 0 |
_aمبادئ القانون المدني والتجاري / _cعادل عبد الفتاح النجار. |
| 260 |
_a[د. م. : _bد. ن.]، _c2006. |
||
| 300 |
_a251 ص. ؛ _c24 سم. |
||
| 650 | 7 |
_aالقانون المدني _zمصر. _2BUEsh |
|
| 650 | 7 |
_aالقانون التجاري _zمصر. _2BUEsh _941150 |
|
| 651 | _2BUEsh | ||
| 653 |
_bLLAAWW _cApril2017 |
||
| 942 | _2ddc | ||
| 999 |
_c24752 _d24724 |
||